000 00707nam a22002297a 4500
005 20170124110009.0
010 _aA-596891
020 _c00.00
_a8185495157
035 _aA-596891
037 _bCen Lib/Ret
040 _aDPL
_bEN
082 _a305.5
_bSHA
100 _aSharma, Arjun
_917400
245 _aCaste, class and politics in rural india /
_cby Arjun Sharma
260 _bKhama Publishers
_aNew Delhi
_c1993
270 _bNew Delhi
_e110063
_aA-6, paschim vihar
300 _axii,176p.
_c21cm(Hb)
500 _aIncludes bibliographical references and index
650 _aSheduled castes
_917401
650 _aPolitical aspects
_96707
942 _2ddc
_cEN
_h305.5
_mSHA
999 _c126385
_d126385